| 000 | 00476cam a2200193ua 4500 | ||
|---|---|---|---|
| 001 | 1525 | ||
| 005 | 20260515113339.0 | ||
| 008 | 110711n ii |||gr||||Z||||||eng | ||
| 040 | _cMAIN | ||
| 082 | _a330.01 | ||
| 100 | 1 | 2 | _aMarshal, Alfred., |
| 245 | 1 |
_aPrinciples of economics. _cBy Alfred Marshal. |
|
| 250 | _a8th. | ||
| 260 |
_aLondon: _bMcmillan.,962. |
||
| 300 |
_axxxii, 731 p.: _c23 cm. |
||
| 653 | _aEconomics. | ||
| 653 | _aPrinciples of economics. | ||
| 942 | _cBK | ||
| 999 |
_c1414 _d1414 |
||